LEADER 01050nam--2200361---450- 001 990003460210203316 005 20110315130102.0 010 $a978-88-420-9392-3 035 $a000346021 035 $aUSA01000346021 035 $a(ALEPH)000346021USA01 035 $a000346021 100 $a20101026d2010----km-y0itay50------ba 101 $aita 102 $aIT 105 $a||||||||001yy 200 1 $aAtmosferologia$eestetica degli spazi emozionali$fTonino Griffero 210 $aRoma$aBari$cLaterza$d2010 215 $a181 p.$d21 cm 225 2 $aBiblioteca di cultura moderna$v1207 410 0$12001$aBiblioteca di cultura moderna$v1207 606 0 $aBello$2BNCF 676 $a111.85 700 1$aGRIFFERO,$bTonino$0174866 801 0$aIT$bsalbc$gISBD 912 $a990003460210203316 951 $aII.1.D. 5288$b228726 L.M.$cII.1.D.$d00283580 959 $aBK 969 $aUMA 979 $aPASSARO$b90$c20101026$lUSA01$h1256 979 $aPASSARO$b90$c20110315$lUSA01$h1301 996 $aAtmosferologia$91109168 997 $aUNISA LEADER 01037nam a2200301 i 4500 001 991001159669707536 005 20020507112049.0 008 970308s1982 us ||| | eng 020 $a0801413567$c89900 035 $ab10182044-39ule_inst 035 $aLE00643137$9ExL 040 $aDip.to Fisica$bita 084 $a53.6.5 084 $a530.4'4 084 $aQC718 100 1 $aBoenig, Herman V.$020530 245 10$aPlasma science and technology /$cHerman V. Boenig 260 $aIthaca :$bCornell University Press,$cc1982 300 $a299 p. :$bill. ;$c24 cm. 500 $aIncludes bibliographical references and index. 650 4$aPlasma (Ionized gases) 650 4$aPolymers and polymerization 907 $a.b10182044$b21-09-06$c27-06-02 912 $a991001159669707536 945 $aLE006 53.6.5 BOE$g1$i2006000061360$lle006$o-$pE0.00$q-$rl$s- $t0$u1$v0$w1$x0$y.i10223150$z27-06-02 996 $aPlasma science and technology$9190807 997 $aUNISALENTO 998 $ale006$b01-01-97$cm$da $e-$feng$gus $h0$i1